[Event "Oakham School Inv"]
[Site "Oakham"]
[Date "1984.04.12"]
[Round "5.7"]
[White "Thomson, Craig SM"]
[Black "Levitt, Jonathan"]
[Result "0-1"]
[WhiteElo "2215"]
[BlackElo "2345"]
[PlyCount "72"]
[EventDate "1984.04.08"]
[EventType "swiss"]
[EventRounds "9"]
[EventCountry "ENG"]
[SourceTitle "EXT 2024"]
[Source "ChessBase"]
[SourceDate "2023.10.10"]
[SourceVersion "1"]
[SourceVersionDate "2023.10.10"]
[SourceQuality "1"]

1. d4 Nf6 2. Nf3 e6 3. c4 b6 4. a3 Bb7 5. Nc3 d5 6. cxd5 Nxd5 7. e3 g6 8. Bb5+ c6 9. Bd3 Bg7 10. e4 Nxc3 11. bxc3 0-0 12. Be3 c5 13. 0-0 cxd4 14. cxd4 Nc6 15. e5 Qd7 16. Qe2 Na5 17. Rad1 Qd5 18. Rb1 Rac8 19. Rb5 Qd7 20. Ng5 Ba6 21. Ne4 Bxb5 22. Bxb5 Qd5 23. Bd3 f6 24. exf6 Bxf6 25. Nxf6+ Rxf6 26. Qg4 Nc6 27. Be4 Qd6 28. d5 Ne7 29. Qg5 exd5 30. Bxd5+ Kh8 31. Bb3 Rf5 32. Qh4 Rc3 33. Qa4 b5 34. Qxa7 Rxb3 35. f4 Nc6 36. Qa8+ Rf8 0-1